000
00255nam a2200097Ia 4500
001
988957
005
20250826221148.0
008
250824s9999 xx 000 0 und d
245
0
_a
SHERLOCK HOLMES_MAVİ YAKUT
_c
ARTHUR CONAN DOYLE
260
_b
DOKUZ YAYINCILIK
999
_c
988957
_d
988957